Missing Word: Hit Songs by Decade Quiz Stats

 Plays Quiz Updated Mar 9, 2016

Challenge
Share
Tweet
Embed
Score 0/40 Timer 05:00
0 Plays Today
% Correct
Alabama
95.9%
Good
94.1%
Wild
93%
Up
91.7%
Breath
90.8%
Softly
90.7%
Troubled
89.1%
Prayer
86.5%
Dreams
85.8%
Teen
85.6%
Summer
83.9%
Sounds
82.4%
Stand
82.1%
Girl
81.8%
Fly
79.9%
Touch
79.9%
Baby
77%
Lane
74%
Come
71.4%
Bloody
71.1%
% Correct
Smoke
69.3%
Preacher
68.8%
Shook
65.1%
Ode
61.4%
Swing
60.9%
Sweet
57.4%
Saving
54.6%
Sexy
51.9%
Really
50.1%
Under
49.6%
Hole
48.6%
Compares
48.1%
Fooled
48.1%
Knock
47.8%
Blinded
46.5%
Nights
45%
Sir
44.5%
Comfortably
43.5%
Frequency
29.8%
Amazed
29.3%

Today's Daily Dose

Missing Word
Entertainment 'L'

Word Ladder
Fingers

Quick Pick
When in Rome

On This Day
December 15th II

You're not logged in!

Compare scores with friends on all Sporcle quizzes.
OR
Log In

You Might Also Like...

Show Comments

Extras

Top Quizzes Today


Score Distribution

Your Account Isn't Verified!

In order to create a playlist on Sporcle, you need to verify the email address you used during registration. Go to your Sporcle Settings to finish the process.

Report this User

Report this user for behavior that violates our Community Guidelines.

Details: